1120 1564 1807 1002 1745 1120 1644 1731 1423 1987 1485 1327 1526 1955 1791 1706 1328 1831 1841 1019 1205 1438 1300 1545 1117 1072 1360 1404 1810 1857 1862 1510 1834 1326 1174 1260 1486 1228 1868 1508 1305 1589 1981 1552 1351 1390 1971 1403 1240 1478 1075 1794 1437 1347 1796 1291 1436 1766 1873 1207 1726 1437 1497 1501 1570 1150 1719 1206 1967 1461 1408 1864 1632 1261 1948 1729 1066 1370 1005 1299 1852 1221 1394 1726 1981 1123 1939 1232 1616 1074 1964 1236 1969 1592 1479 1550 1341 1901 1198 BCNSPRNW ULIB Ver.6.0+V

เปลี่ยนเป็นภาษาไทย

Change to English
 แสดงรายละเอียดบรรณานุกรม
  กลับหน้าหลัก

Brief Record : Get Marc (ISO 2709) : E-mail record : QR code < ปิดหน้าต่าง
LEADER : 00000nam 2200000uu 4500
001    13399121929
003     ULIB
008    121214s2549||||th 000 0 tha d
020    ^a9744820551
060 04 ^aWM100^bส271จ 2549
100 0  ^aสมภพ เรืองตระกูล
245 10 ^aจิตเวชศาสตร์พื้นฐานและโรคทางจิตเวช /^cสมภพ เรืองตระกูล
250    ^aพิมพ์ครั้งที่ 1
260    ^aกรุงเทพฯ :^bภาควิชาจิตเวชศาสตร์ คณะแพทยศาสตร์ศิริราชพยาบาลมหาวิทยาลัยมหิดล,^c2549
300    ^a532 หน้า ;^c22 ซม.
440  0 ^aตำราจิตเวชสำหรับแพทย์เวชศาสตร์ครอบครัว ;^vชุดที่ 9
650  7 ^aจิตเวชศาสตร์
650  7 ^aโรคจิต
653    ^aผลงานอาจารย์คณะแพทยศาสตร์ศิริราชพยาบาล
710 2  ^aมหาวิทยาลัยมหิดล. ^bคณะแพทยศาสตร์ศิริราชพยาบาล.^bภาควิชาจิตเวชศาสตร์
945    ^p350^l0^i14994
995    ^aทศพร
999    ^aทศพร เกษรทอง
รายการนี้ยังไม่มีแท็ก
คุณยังไม่ได้ล็อกอิน คุณสามารถมีกิจกรรมร่วมกับเว็บไซต์ได้ แต่ต้องล็อกอินก่อน ::
  ล็อกอิน

รายการสื่อสารสนเทศ

ลำดับที่ ประเภท เลขเรียก/บาร์โค้ด สถานที่ สถานะ
1. วิทยาศาสตร์การแพทย์ และสุขภาพ
วิทยาศาสตร์การแพทย์ และสุขภาพ
WM100 ส271จ 2549 ฉ.1 
  Barcode: 14994
ห้องสมุดวิทยาเขตสวรรค์ประชารักษ์
►หนังสือทั่วไป
บนชั้น

รายการใกล้เคียง
    ผู้แต่ง [สมภพ เรืองตระกูล]

    หัวเรื่อง [จิตเวชศาสตร์]
    หัวเรื่อง [โรคจิต]

BibComment


ยังไม่เคยถูกคอมเมนท์

คอมเมนท์ทรัพยากรรายการนี้
  คอมเมนท์: จิตเวชศาสตร์พื้น..


 Copyright 2026. Bcnsprnw @Library